MOSBY'S DRUG GUIDE FOR NURSING STUDENTS (Record no. 24942)
[ view plain ]
| 000 -LEADER | |
|---|---|
| fixed length control field | 00424nam a22001697a 4500 |
| 003 - CONTROL NUMBER IDENTIFIER | |
| control field | SGT |
| 020 ## - INTERNATIONAL STANDARD BOOK NUMBER | |
| International Standard Book Number | 9780443105937 |
| 082 ## - DEWEY DECIMAL CLASSIFICATION NUMBER | |
| Classification number | 615.1 |
| Item number | M23S |
| 100 ## - MAIN ENTRY--PERSONAL NAME | |
| Personal name | SKIDMORE-RITH, LINDA |
| 245 ## - TITLE STATEMENT | |
| Title | MOSBY'S DRUG GUIDE FOR NURSING STUDENTS |
| 250 ## - EDITION STATEMENT | |
| Edition statement | 5TH |
| 260 ## - PUBLICATION, DISTRIBUTION, ETC. (IMPRINT) | |
| Place of publication, distribution, etc | MISSOURI |
| Name of publisher, distributor, etc | ELSEVIER PUB |
| Year of Publication | 2023 |
| 300 ## - PAGE DESCRIPTION | |
| No. of Pages | 1218 |
| 650 ## - SUBJECT ADDED ENTRY--TOPICAL TERM | |
| Topical term or geographic name as entry element | NURSING BOOK |
| 653 ## - KEYWORDS--INDEX TERM | |
| Keyword term | MOSBY'S DRUG GUIDE FOR NURSING STUDENTS |
| 942 ## - ADDED ENTRY ELEMENTS (KOHA) | |
| Source of classification or shelving scheme | Dewey Decimal Classification |
| Koha item type | Books |
| 942 ## - ADDED ENTRY ELEMENTS (KOHA) | |
| -- | 1 |
| Withdrawn status | Lost status | Source of classification or shelving scheme | Damaged status | Not for loan | Collection code | Home library | Current library | Shelving location | Date acquired | Vendor Name | Cost, normal purchase price | SGTU | Bill Number | Total Checkouts | Full call number | Accession No. (Barcode) | Date last seen | Bill Date | Koha item type | Date last borrowed |
|---|---|---|---|---|---|---|---|---|---|---|---|---|---|---|---|---|---|---|---|---|
| Dewey Decimal Classification | Not For Loan | NURSING | SGT Medical Library | SGT Medical Library | Reference Book | 02/09/2023 | ABC DELHI | 3936.00 | SGTU | 16927 | 615.1 M23S | FN5256 | 02/09/2023 | 20/06/2023 | Books | |||||
| Dewey Decimal Classification | NURSING | SGT Medical Library | SGT Medical Library | Reference Book | 02/09/2023 | ABC DELHI | 3936.00 | SGTU | 16927 | 1 | 615.1 M23S | FN5257 | 22/05/2024 | 20/06/2023 | Books | 20/05/2024 |